Plus Grandes Villes Italie - Statistiques

Statistiques générales
  • Ce quiz a été pris 249 fois
  • Le résultat moyen est 20 sur 45
Statistiques - réponses
Ville
Population
(en milliers)
% Correct
Rome 2 855
100%
Milan 1 404
99%
Naples 957
97%
Turin 878
95%
Venise 260
95%
Florence 378
93%
Bologne 392
84%
Palerme 661
84%
Gênes 577
82%
Bari 320
76%
Vérone 257
71%
Cagliari 154
64%
Catane 310
62%
Parme 196
61%
Bergame 121
55%
Trieste 204
52%
Padoue 210
46%
Messine 231
44%
Modène 186
37%
Rimini 150
36%
Brescia 198
35%
Reggio de Calabre 180
35%
Reggio d’Émilie 171
35%
Syracuse 121
35%
Monza 123
31%
Trente 118
31%
Livourne 157
30%
Pescara 119
29%
Salerne 133
29%
Tarente 196
29%
Ancône 101
27%
Ravenne 157
24%
Pérouse 165
20%
Prato 194
19%
Ferrare 132
18%
Foggia 151
17%
Sassari 126
17%
Plaisance 103
15%
Vicence 110
13%
Novare 104
12%
Forli 117
10%
Latina 126
10%
Terni 110
8%
Giugliano in Campania 123
6%
Bolzane 107
5%
Aucun quiz correspondant
Distribution des résultats
% des personnes avec chaque résultat
Percentile par nombre de réponses
Votre historique - résultats
Vous n’avez pas pris ce quiz